| 000 | 00717nam a2200241Ia 4500 | ||
|---|---|---|---|
| 003 | OSt | ||
| 005 | 20220926012813.0 | ||
| 006 | a|||||r|||| 00| 0 | ||
| 007 | ta | ||
| 008 | 220923b |||||||| |||| 00| 0 eng d | ||
| 037 | _cGeneral Book | ||
| 040 |
_aRTL _cRTL _beng |
||
| 041 |
_2eng _aeng |
||
| 082 | _aY7jM92, K5 | ||
| 100 |
_aSpiro Melford E Ed. _9317277 |
||
| 245 | 0 | _aContext and meaning in cultural anthropology in honor of A Irving Hallowell | |
| 260 |
_aNew York _bFree Press USA _c1965 |
||
| 300 |
_axxii, 441p _ccm. |
||
| 500 | _aBibliography : P 417-25; Index:P429-442 | ||
| 650 | _aRace | ||
| 942 |
_hY7jM92, K5 _cGB _2CC |
||
| 999 |
_c624369 _d624369 |
||